[Minecraft] All items with wood variants - Statistics

General Stats
  • This quiz has been taken 134 times
    129 since last reset
  • The average score is 7 of 14
Answer Stats
Answer % Correct
Doors
87%
Wood Planks
81%
Wooden Slab
73%
Wooden Stairs
73%
Wood Blocks
67%
Fence
64%
Buttons
60%
Fence Gate
57%
Pressure Plates
56%
Stripped Wood
24%
Leaves
23%
Saplings
15%
Bark
5%
Stripped Bark
3%
No matching quizzes found
Score Distribution
Percent of People with Each Score
Percentile by Number Answered
Your Score History
You have not taken this quiz since the last reset